The time has come : the first Stonewall lecture /

Furkejuvvon:
Bibliográfalaš dieđut
Váldodahkki: Bowley, Martin (Dahkki)
Materiálatiipa: Girji
Giella:eaŋgalasgiella
Almmustuhtton: London : General Council of the Bar, [1994]
Fáddágilkorat: Lasit fáddágilkoriid
Eai fáddágilkorat, Lasit vuosttaš fáddágilkora!

MARC

LEADER 00000nam a22000007i 4500
001 IT\ICCU\UBO\3657287
003 ItRI
005 20260115232350.0
008 090626s1994 xxk|||||| ||||| |||||c
040 |b ita  |c importazione bologna sebina 
041 7 |a eng  |2 ISO-639-2 
100 1 |a Bowley, Martin  |0 IT\ICCU\UBOV\345041  |4 aut 
245 1 4 |a The time has come :  |b the first Stonewall lecture /  |c by Martin Bowley. 
260 |a London :  |b General Council of the Bar,  |c [1994] 
300 |a iv, 54 p. ;  |c 21 cm 
500 |a Tit. della cop. 
942 |2 ddc  |c BK  |n 0 
952 |0 0  |1 0  |4 0  |6 DOC_306_766000000000000_BOW  |7 0  |9 24880  |a BO  |b BO  |d 2026-01-15  |i 5259  |l 0  |o DOC 306.766 BOW  |p BO5259  |r 2026-01-15 23:23:50  |w 2026-01-15  |x [Sebina 7] [1 v.]  |y BK  |z 1 v. 
999 |c 21145  |d 21145